Normal view
MARC view
Entry Nombre personal
001 - NÚMERO DE CONTROL
- campo de control: 151606
003 - IDENTIFICADOR DE NÚMERO DE CONTROL
- campo de control: SpMaBN
005 - FECHA Y HORA DE LA ÚLTIMA TRANSACCIÓN
- campo de control: 20231220200306.0
008 - ELEMENTOS DE DATO DE LONGITUD-FIJA
- campo de control de longitud fija: 110809n|#azznnaabn |n aac ##
040 ## - FUENTE DE CATALOGACIÓN
- Centro catalogador/agencia de origen: SpMaBN
- Lengua de catalogación: spa
- Centro/agencia transcriptor: SpMaBN
- Normas de descripción: rdc
- Convención/Normas de encabezamiento de materia/tesauro: embne
100 1# - ENCABEZAMIENTO-NOMBRE DE PERSONA
- Nombre de persona: Herrador Guardia, Mariano José
373 ## - GRUPO ASOCIADO
- Grupo asociado: Ateneo de Madrid
- Período de inicio: 2007
- Fuente de información: Censo mensual de socios 2023
670 ## - FUENTE DE DATOS ENCONTRADOS
- Cita de la fuente: Derecho de daños, D.L. 2011
- Información encontrada: (coordinador, Mariano José Herrador Guardia ; autores, Joaquín Ataz López, Alberto J. Bueres, Ángel Carrasco Perera ... [et al.])
678 ## - DATOS BIOGRÁFICOS O HISTÓRICOS
- Datos biográficos o históricos: Socio del Ateneo de Madrid n. 30529; ingresó el 30/10/2007
- Ampliación de la nota: Fuente: Censo mensual de socios 2023
